000 00305nam a2200133Ia 4500
100 _aTietze/ U/ Schenk/ Ch.
942 _cBK
654 _aElectronics circuits
245 _aElectronics Circuits
260 _bNarosa Pub House
_aNew Delhi
_c1991
082 _a621.3815
546 _aENGLISH
999 _c17791
_d17791